| 000 | 00966nam a2200229Ii 4500 | ||
|---|---|---|---|
| 003 | JO-AjNU | ||
| 008 | 230605s9999||||xx |||||||||||||| ||und|| | ||
| 017 | _a2003/14076 | ||
| 020 | _a977-01-8760-7 | ||
| 040 |
_aJO-AjNU _bara _erda _cJO-AjNU |
||
| 041 | _aara | ||
| 050 | 1 | 4 | _aPJ7860.A37.M4 2003 |
| 100 | 3 |
_aتاليف الرافعي، مصطفى صادق, _eauthor _916027 |
|
| 245 | 0 | 0 | _aوحي القلم: بيان كانه تنزيل من التنزيل أو قبس من نور الذكر الحكيم، الجزء الثالث |
| 264 | 3 | 1 | _aالقاهرة: وزارة الثقافة، 2003 |
| 300 | _aج3، 365ص | ||
| 336 |
_atext _btxt _2rdacontent |
||
| 337 |
_aunmediated _bn _2rdamedia |
||
| 338 |
_avolume _bnc _2rdacarrier |
||
| 490 | 0 | _aمهرجان القراءة للجميع، مكتبة الاسرة، القاهرة، ، 2003 (سلسلة روائع السيرة الذاتية) | |
| 650 | 4 |
_aالبلاغة النبوية - القرآن _916028 |
|
| 999 |
_aA4660 _c8228 _d8228 |
||